| 000 | 01668nam a22003857a 4500 | ||
|---|---|---|---|
| 005 | 20260602123931.0 | ||
| 008 | 260602s2026 ag ||||| |||| 00| 0 spa d | ||
| 020 |
_aSentencia TI 27/26 Fecha 18/05/26 _bSEN |
||
| 110 |
_aTribunal de Impugnación _91 |
||
| 245 | 1 | 1 |
_a"CHAVERO EMILIO ALFREDO, MARDONES, CARLOS GABRIEL S/ ABUSO SEXUAL CON ACCESO CARNAL" / _cTribunal de Impugnación |
| 300 |
_a152 p. _bpdf |
||
| 518 | _a18/05/2026 | ||
| 653 | _aABUSO SEXUAL CON ACCESO CARNAL AGRAVADO POR EL VÍNCULO Y EL APROVECHAMIENTO DE LA CONVIVENCIA PREEXISTENTE CON UNA MENOR DE 18 AÑOS EN MODALIDAD CONTINUADA | ||
| 653 | _aCÁMARA GESELL | ||
| 653 | _aPROTOCOLO CAMARA GESELL | ||
| 653 | _aACUERDO 5254 TSJ | ||
| 653 | _aUTILIZACIÓN ARMA DE FUEGO | ||
| 653 | _aEXTENSIÓN DAÑO ACREDITADO | ||
| 653 | _aDETERMINACIÓN JUDICIAL DE LA PENA | ||
| 653 | _aINDEBIDA DOBLE VALORACIÓN | ||
| 653 | _aASIMETRIA RELACIONAL | ||
| 653 | _aDIFERENCIA ETARIA | ||
| 653 | _aVINCULO PATERNO FILIAL | ||
| 653 | _aREGLAS DE MENSURACIÓN PENAL | ||
| 653 | _aART 247 CPP | ||
| 653 | _aNULIDAD PARCIAL SENTENCIA PENA | ||
| 653 | _aCOMPETENCIA POSITIVA | ||
| 700 |
_aDeiub, Liliana Beatriz _95 |
||
| 700 |
_aJuan Jose Nazareno Eulogio _942 |
||
| 700 | 1 |
_aRepetto, Andrés _910 |
|
| 774 | _aLEG 49504/24 | ||
| 856 |
_uhttp://jurispenal.jusneuquen.gov.ar/cgi-bin/koha/opac-retrieve-file.pl?id=16adde494d716ad47c665806316313a6 _yTexto completo Sentencia TI |
||
| 856 |
_uhttp://jurispenal.jusneuquen.gov.ar/cgi-bin/koha/opac-retrieve-file.pl?id=0cf5bcbff2e042eea7cfa8a445194b94 _yTexto completo Sentencia de Responsabilidad Tribunal de Juicio |
||
| 942 |
_2ddc _cSEN |
||
| 999 |
_c1292 _d1292 |
||